Project Work out (Record no. 1829)

MARC details
000 -LEADER
fixed length control field 00405nam a22001697a 4500
005 - DATE AND TIME OF LATEST TRANSACTION
control field 20211023114033.0
008 - FIXED-LENGTH DATA ELEMENTS--GENERAL INFORMATION
fixed length control field 160526b xxu||||| |||| 00| 0 eng d
020 ## - INTERNATIONAL STANDARD BOOK NUMBER
ISBN 817-808-028-1
041 ## - LANGUAGE CODE
Language code of text/sound track or separate title eng
082 ## - DEWEY DECIMAL CLASSIFICATION NUMBER
Item number 5207
100 ## - MAIN ENTRY--AUTHOR NAME
Personal name Balterrick, Robert
245 ## - TITLE STATEMENT
Title Project Work out
260 ## - PUBLICATION, DISTRIBUTION, ETC. (IMPRINT)
Place of publication New Delhi
Name of publisher Academic Faundation
Year of publication 2000
300 ## - PHYSICAL DESCRIPTION
Number of Pages 453
650 ## - SUBJECT ADDED ENTRY--TOPICAL TERM
Topical Term Management
942 ## - ADDED ENTRY ELEMENTS (KOHA)
Koha item type Books
Holdings
Lost status Damaged status Home library Current library Shelving location Date acquired Cost, normal purchase price Full call number Accession Number Koha item type Collection code
    JRU Library   WR- 1 J 26/05/2016 595.00 5207 5207 Books  
    JRU Library JRU Library SHELF- 67 C 26/05/2016 595.00 5207 5208 Books AGRICULTURE
    JRU Library   SHELF -72- F 26/05/2016 595.00 5207 5209 Books Reference